Estadísticas para Desiertos más grandes del mundo

Haz click aquí para intentar la prueba.

Estadísticas generales

  • Esta prueba ha sido intentada 2.343 veces
  • La puntuación promedio es 5 de 10

Respuestas en el mapa

Las respuestas están codificadas por una escala verde-roja en el mapa de la prueba según el % correcto abajo.
 

Estadísticas de respuestas

mi2Desierto% Correcto
3 300 000Sahara
99%
500 000Gobi
71%
5 400 000Antártico
67%
900 000Arabia
53%
200 000Patagónico
52%
360 000Kalahari
40%
175 000Chihuahua
29%
200 000Sirio
21%
220 000Gran Victoria
15%
190 000Gran Cuenca
6%

Distribución de puntuación

Porcentaje por número respondido

Porcentaje de gente con cada puntuación

Historial de tus puntuaciones

No has intentado esta prueba.